书目信息 |
| 题名: |
我们是惟一的吗
|
|
| 作者: | 戴维斯 , Davies 著 ;庞秀成 译 | |
| 分册: | ||
| 出版信息: | 长春 吉林人民出版社 2005 |
|
| 页数: | 158页 | |
| 开本: | 21cm | |
| 丛书名: | 哈佛科普译丛 | |
| 单 册: | ||
| 中图分类: | Q693-49 | |
| 科图分类: | ||
| 主题词: | 地外生命--普及读物 , 地外生命 | |
| 电子资源: | ||
| ISBN: | 7-206-03792-5 | |
| 000 | 01134oam2 2200337 45 | |
| 001 | 012006012677 | |
| 005 | 20070709090235.15 | |
| 010 | @a7-206-03792-5@dCNY17.60 | |
| 092 | @aCN@b485569 | |
| 100 | @a20060121d2005 em y0chiy0121 ea | |
| 101 | 1 | @achi@ceng |
| 102 | @aCN@b220000 | |
| 105 | @ay a 000yy | |
| 200 | 1 | @a我们是惟一的吗@9wo men shi wei yi de ma@e发现外星生命的哲学意义@f(英)保罗·戴维斯(Paul Davies)著@g庞秀成译 |
| 205 | @a2版 | |
| 210 | @a长春@c吉林人民出版社@d2005 | |
| 215 | @a158页@d21cm | |
| 225 | 2 | @a哈佛科普译丛 |
| 320 | @a有书目(第156~158页) | |
| 330 | @a本书主要包括“外星生命”、“生命起源”、“天外信息”、“质疑论难”、“人类意识”、“天路历程”等六章内容。 | |
| 461 | 0 | @12001 @a哈佛科普译丛 |
| 510 | 1 | @aAre we alone paul davies@zeng |
| 517 | 1 | @a发现外星生命的哲学意义@9fa xian wai xing sheng ming de zhe xue yi yi |
| 606 | 0 | @a地外生命@j普及读物 |
| 606 | 0 | @a地外生命 |
| 690 | @aQ693-49@v4 | |
| 701 | 1 | @a戴维斯@9dai wei si@bP.@4著 |
| 701 | 1 | @aDavies@bPaul@4著 |
| 702 | 0 | @a庞秀成@9pang xiu cheng@4译 |
| 801 | 0 | @aCN@bLZJBOOK@c20070709 |
| 905 | @a10447@dQ693-49@e24=2 | |
| 我们是惟一的吗:发现外星生命的哲学意义/(英)保罗·戴维斯(Paul Davies)著/庞秀成译.-2版.-长春:吉林人民出版社,2005 |
| 158页;21cm.-(哈佛科普译丛) |
| ISBN 7-206-03792-5:CNY17.60 |
| 本书主要包括“外星生命”、“生命起源”、“天外信息”、“质疑论难”、“人类意识”、“天路历程”等六章内容。 |
| ● |
| 相关链接 |
|
|
|
|
正题名:我们是惟一的吗
索取号:Q693-49/24=2
 
预约/预借
| 序号 | 登录号 | 条形码 | 馆藏地/架位号 | 状态 | 备注 |
| 1 | 0564496 | 205644962 | 第二样本阅览室/ [索取号:Q693-49/24=2] | 在馆 | |
| 2 | 0564497 | 205644971 | 第三借阅区/ [索取号:Q693-49/24=2] | 在馆 | |
| 3 | 0564498 | 205644980 | 第三借阅区/ [索取号:Q693-49/24=2] | 在馆 | |
| 4 | 0564499 | 205644999 | 第三借阅区/ [索取号:Q693-49/24=2] | 在馆 | |
| 5 | 0564500 | 205645006 | 第三借阅区/ [索取号:Q693-49/24=2] | 在馆 | |
| 6 | 0564501 | 205645015 | 第三借阅区/ [索取号:Q693-49/24=2] | 在馆 | |
| 7 | 0564502 | 205645024 | 第三借阅区/ [索取号:Q693-49/24=2] | 在馆 | |
| 8 | 0564503 | 205645033 | 第三借阅区/ [索取号:Q693-49/24=2] | 在馆 |